| 000 | 00448nam a2200157 i 4500 | ||
|---|---|---|---|
| 001 | 135341 | ||
| 003 | ES-MaACL | ||
| 005 | 20230906194848.0 | ||
| 007 | t| | ||
| 008 | 070716s1968 sp ||||1| spa d | ||
| 100 | 1 |
_aTomás Raz, Manuel. _9110526 |
|
| 245 | 1 | 4 |
_aLos "no blancos" / _cManuel Tomás Raz. |
| 260 |
_aMadrid : _bTesoro, _c[1968] |
||
| 300 |
_a423 p. con 8 lám., con 2 map. : _bil. ; _c21 cm. |
||
| 852 |
_aES-MaACL _jC-47837 _bR.66769 |
||
| 999 |
_c135341 _d135341 |
||